000
00398nam a2200169Ia 4500
008
090711s9999 xx 000 0 und d
082
_b
49676
100
_a
बगे आशा
245
_a
झुंबर
260
_c
1984
300
_a
151
600
_a
बगे आशा
630
_a
झुंबर
700
_a
बगे आशा
730
_a
झुंबर
942
_c
BOOK
999
_c
301310
_d
301310